00321nam a2200121Ia 4500008004100000245006000041260001700101260000900118300000800127650002300135650001200158856002900170170516s9999 xx 000 0 und d aNanobody: The “Magic Bullet” for Molecular Imaging? bTheranostics c2014 a4:4 xMedical Technology xMedtech uhttp://www.thno.org/v4i4